| 000 | 03931namaa22004451i 4500 | ||
|---|---|---|---|
| 003 | EG-GICUC | ||
| 005 | 20260418224853.0 | ||
| 008 | 260418s2025 ua a|||frm||| 000 0 eng d | ||
| 040 |
_aEG-GICUC _beng _cEG-GICUC _dEG-GICUC _erda |
||
| 041 | 0 |
_aeng _beng _bara |
|
| 049 | _aDeposit | ||
| 082 | 0 | 4 | _a616.994061 |
| 092 |
_a616.994061 _221 |
||
| 097 | _aM.Sc | ||
| 099 | _aCai01.08.04.M.Sc.2025.No.S | ||
| 100 | 0 |
_aNorhan Kamel Mohamed Hasan, _epreparation. |
|
| 245 | 1 | 0 |
_aSynthesis of certain heterocyclic compounds with expected anticancer activity / _cby Norhan Kamel Mohamed Hasan ; Supervision Prof. Dr. Manal Mostafa Hassan Kandeel, Prof. Dr. Zeinab Mohamed Fahmy Abdelbaky Mahmoud, Dr. Eman Adel Shams El-Din El-Khouly. |
| 246 | 1 | 5 | _aتخليق بعض المركبات الحلقية الغير متجانسة ذات نشاط متوقع كمضادات للسرطان |
| 264 | 0 | _c2025. | |
| 300 |
_a54 pages : _billustrations ; _c25 cm. + _eCD. |
||
| 336 |
_atext _2rda content |
||
| 337 |
_aUnmediated _2rdamedia |
||
| 338 |
_avolume _2rdacarrier |
||
| 502 | _aThesis (M.Sc)-Cairo University, 2025. | ||
| 504 | _aBibliography: pages 49-50. | ||
| 520 | 3 | _aThis thesis comprises three chapters in addition to summaries in both English and Arabic languages; The first chapter presents a general introduction which consists of a brief literature survey of breast cancer, colon cancer and vascular endothelial growth factor receptor-1. The second chapter is a Review Article with the title “A deep insight into the indole nucleus: pharmacological action, structure-activity relationship, and eco-friendly synthetic approaches” The third chapter is a Research article with the title “Novel 2,6-Bis(indolyl/5- bromoindolyl) dihydropyridine/pyridine hybrids as potential anti-tumor agents: Design, one-pot Green synthesis, molecular docking, and cytotoxicity evaluation” | |
| 520 | 3 | _aتتألف هذه الأطروحة من ثلاثة فصول بالإضافة إلى ملخصات باللغتين الإنجليزية والعربية. يقدم الفصل الأول مقدمة عامة تتضمن مراجعة موجزة للأدبيات المتعلقة بسرطان الثدي وسرطان القولون ومستقبل عامل نمو بطانة الأوعية الدموية-1. أما الفصل الثاني فهو مقال استعراضي بعنوان "نظرة معمقة على نواة الإندول: التأثير الدوائي، وعلاقة التركيب بالنشاط، والأساليب التركيبية الصديقة للبيئة". وأما الفصل الثالث فهو مقال بحثي بعنوان "مركبات هجينة جديدة من 2،6-ثنائي (إندوليل/5-بروموإندوليل) ثنائي هيدروبيريدين/بيريدين كعوامل محتملة مضادة للأورام: التصميم، والتخليق الأخضر في وعاء واحد، والالتحام الجزيئي، وتقييم السمية الخلوية". | |
| 530 | _aIssues also as CD. | ||
| 546 | _aText in English and abstract in Arabic & English. | ||
| 650 | 0 | _aAntineoplastic agents | |
| 650 | 0 | _aمضادات الأورام | |
| 653 | 1 |
_aNew indole derivatives _aVEGFR-1 inhibition _aMolecular docking _aCell cyclearrest _aAntitumoractivity _aتوقف دورة الخلية _aالنشاط المضاد للأورام |
|
| 700 | 0 |
_aManal Mostafa Hassan Kandeel _ethesis advisor. |
|
| 700 | 0 |
_aZeinab Mohamed Fahmy Abdelbaky Mahmoud _ethesis advisor. |
|
| 700 | 0 |
_aEman Adel Shams El-Din El-Khouly _ethesis advisor. |
|
| 900 |
_b01-01-2025 _cManal Mostafa Hassan Kandeel _cZeinab Mohamed Fahmy Abdelbaky Mahmoud _cEman Adel Shams El-Din El-Khouly _UCairo University _FFaculty of Pharmacy _DDepartment of Pharmaceutical Organic Chemistry |
||
| 905 | _aShimaa | ||
| 942 |
_2ddc _cTH _e21 _n0 |
||
| 999 | _c179560 | ||